LEADER 04012nam 2200649Ia 450 001 9910780169303321 005 20230207223004.0 010 $a1-58729-310-2 035 $a(CKB)111056486862680 035 $a(EBL)859290 035 $a(OCoLC)50321075 035 $a(SSID)ssj0000120205 035 $a(PQKBManifestationID)11131865 035 $a(PQKBTitleCode)TC0000120205 035 $a(PQKBWorkID)10074307 035 $a(PQKB)10103611 035 $a(MiAaPQ)EBC859290 035 $a(MdBmJHUP)muse9284 035 $a(Au-PeEL)EBL859290 035 $a(CaPaEBR)ebr10354562 035 $a(EXLCZ)99111056486862680 100 $a19990416d1999 ub 0 101 0 $aeng 135 $aur|||||||nn|n 181 $ctxt 182 $cc 183 $acr 200 00$aCharlotte Perkins Gilman$b[electronic resource] $eoptimist reformer /$fedited by Jill Rudd & Val Gough 210 $aIowa City $cUniversity of Iowa Press$dc1999 215 $a1 online resource (331 p.) 300 $aDescription based upon print version of record. 311 $a0-87745-696-8 311 $a0-87745-695-X 320 $aIncludes bibliographical references (p. [289]-305) and index. 327 $aAcknowledgments; Introduction Jill Rudd & Val Gough; Charlotte Perkins Gilman and the Rights of Women Her Legacy for the 1990's Ann J. Lane; The Intellectualism of Charlotte Perkins Gilman Evolutionary Perspectives on Race, Ethnicity, and Class Lisa Ganobcsik - Williams; ''What a Comfort a Woman Doctor Is!'' Medical Women in the Life and Writing of Charlotte Perkins Gilman Frederick we gener; Charlotte Perkins Gilman's ""Three Women Work,"" Marriage, and the Old(er) Woman 327 $aHome Is Where the Heart Is - Or Is It? ""Three Women"" and Charlotte Perkins Gilman's Theory of the Home Marie T. Farr Kitchenless Houses and Homes Charlotte Perkins Gilman and the Reform of Architectural Space Yvonne Gaudelius; Charlotte Perkins Gilman and Educational Reform Deborah M. Desimone; Consumption, Production, and Reproduction in the Work of Charlotte Perkins Gilman Naomi B. Zauderer; Reconfiguring Vice Charlotte Perkins Gilman, Prostitution, and Frontier Sexual Contracts Judith A. Allen 327 $a''Fecundate! Discriminate!'' Charlotte Perkins Gilman and the Theologizing of Maternity Sandra M. Gilbert & Susan Gubar Hair Today, Shorn Tomorrow? Hair Symbolism, Gender, and the Agency of Self Karen Stevenson; ''Written to Drive Nails With'' : Recalling the Early Poetry of Charlotte Perkins Gilman Catherine J . Golden; ''But O My Heart'' The Private Poetry of Charlotte Perkins Gilman Denise D. Knight; Notes on Contributors; Bibliography; Index 330 $a"These essays exemplify all the virtues of interdisciplinarity in consideration of that most multi-disciplined of writers, Charlotte Perkins Gilman. The contributors simultaneously clarify and complicate our understanding of some of the more vexed areas of Gilman's work by engaging saliently with her theories of ethnicity, class, prostitution, and the dynamics of gender; posing difficult questions to contemporary feminist scholars; and providing sensitive and insightful guidance to a well-chosen and wide range of texts."-Janet Beer, author of Kate Chopin, Edith Wharton and Charlotte Perkins Gilman. 606 $aFeminism and literature$zUnited States$xHistory$y19th century 606 $aWomen and literature$zUnited States$xHistory$y19th century 606 $aSocial problems in literature 606 $aOptimism in literature 615 0$aFeminism and literature$xHistory 615 0$aWomen and literature$xHistory 615 0$aSocial problems in literature. 615 0$aOptimism in literature. 676 $a818.409 676 $a818/.409 701 $aRudd$b Jill$01478839 701 $aGough$b Val$01578815 801 0$bMiAaPQ 801 1$bMiAaPQ 801 2$bMiAaPQ 906 $aBOOK 912 $a9910780169303321 996 $aCharlotte Perkins Gilman$93858472 997 $aUNINA LEADER 02368nas 2200661-a 450 001 996203808103316 005 20240114213020.0 035 $a(DE-599)ZDB2011083-2 035 $a(OCoLC)41206204 035 $a(CKB)958480153046 035 $a(CONSER)---00238236- 035 $a(EXLCZ)99958480153046 100 $a19990419b19972012 s-- - 101 0 $aeng 135 $aurcnu|||||||| 181 $ctxt$2rdacontent 182 $cc$2rdamedia 183 $acr$2rdacarrier 200 00$aJournal of digital information 210 $aSouthampton, U.K. $cMultimedia Research Group, University of Southampton$d1997- 300 $aRefereed/Peer-reviewed 300 $aTitle from journal home page (viewed Mar. 22, 2000). 311 $a1368-7506 330 $aThe Journal of Digital Information, JoDI, is an electronic journal only (no paper equivalent) for people who work in the digital information field. 517 1 $aJoDI 531 $aJODI 606 $aElectronic information resources$vPeriodicals 606 $aDatabase management$vPeriodicals 606 $aHypertext systems$vPeriodicals 606 $aDigital libraries$vPeriodicals 606 $aMetadata$vPeriodicals 606 $aInformation Dissemination 606 $aInformation Systems 606 $aDatabase management$2fast$3(OCoLC)fst00888037 606 $aDigital libraries$2fast$3(OCoLC)fst00893704 606 $aElectronic information resources$2fast$3(OCoLC)fst00907295 606 $aHypertext systems$2fast$3(OCoLC)fst00965876 606 $aMetadata$2fast$3(OCoLC)fst01017519 608 $aPeriodical. 608 $aPeriodicals.$2fast 615 0$aElectronic information resources 615 0$aDatabase management 615 0$aHypertext systems 615 0$aDigital libraries 615 0$aMetadata 615 2$aInformation Dissemination. 615 2$aInformation Systems. 615 7$aDatabase management. 615 7$aDigital libraries. 615 7$aElectronic information resources. 615 7$aHypertext systems. 615 7$aMetadata. 712 02$aUniversity of Southampton.$bMultimedia Research Group. 712 02$aTexas A & M University.$bDigital Initiatives Research and Technology Group. 906 $aJOURNAL 912 $a996203808103316 996 $aJournal of digital information$92027062 997 $aUNISA